| 000 -ლიდერი |
| ფიქსირებული სიგრძის საკონტროლო ველი |
01495nam a22002417a 4500 |
| 003 - საკონტროლო ნომრის იდენტიფიკატორი |
| საკონტროლო ველი |
Ge_BSU |
| 005 - ბოლო ოპერაციის თარიღი და დრო |
| საკონტროლო ველი |
20250212155228.0 |
| 008 - ფიქსირებული სიგრძის მონაცემთა ელემენტები - ზოგადი ინფორმაცია |
| ფიქსირებული სიგრძის საკონტროლო ველი |
250212s2014 ge ||||| |||| 00| 0 geo d |
| 041 ## - ენის კოდი |
| Language code of text/sound track or separate title |
geo |
| 080 ## - უნივერსალური ათობითი კლასიფიკაციის ინდექსი |
| Universal Decimal Classification number |
005.966 + 331.108.52 მ-30 |
| 245 ## - ცნობა სათაურის შესახებ |
| Title |
მართე შენი კარიერა : |
| Remainder of title |
სახელმძღვანელო სტუდენტებისათვის : [კრებული] / |
| Statement of responsibility, etc |
აიდა აკუდოვიჩიუტე, ცააგა ფორგაცი, ჟიგიმანტას გრაკაუსკასი, პოლ ჰაკინგი, მარტინ პენინგტონი, ანდრიუს ვალიკასი. |
| 264 ## - წარმოების, გამოცემის, დისტრიბუციის და სხვა ცნობები |
| გამოცემის, წარმოების, დისტრიბუციის... ადგილი |
თბილისი, |
| გამოცემის, წარმოების, დისტრიბუციის... თარიღი |
2014. |
| 300 ## - ფიზიკური აღწერა |
| Extent |
325 გვ. : |
| Other physical details |
ილ. ; |
| Dimensions |
29 სმ. |
| 504 ## - BIBLIOGRAPHY, ETC. NOTE |
| Bibliography, etc |
ბიბლიოგრ. თავების ბოლოს. |
| 653 ## - INDEX TERM--UNCONTROLLED |
| Uncontrolled term |
კარიერა |
| 700 ## - ADDED ENTRY--PERSONAL NAME |
| Personal name |
აკუდოვიჩიუტე, აიდა |
| Relator term |
ავტორი |
| 9 (RLIN) |
24345 |
| 700 ## - ADDED ENTRY--PERSONAL NAME |
| Personal name |
ფორგაცი, ცააბა |
| Relator term |
ავტორი |
| 9 (RLIN) |
24346 |
| 700 ## - ADDED ENTRY--PERSONAL NAME |
| Personal name |
გრაკაუსკასი, ჟიგიმანტას |
| Relator term |
ავტორი |
| 9 (RLIN) |
24347 |
| 700 ## - ADDED ENTRY--PERSONAL NAME |
| Personal name |
ჰაკინგი, პოლ |
| Relator term |
ავტორი |
| 9 (RLIN) |
24348 |
| 700 ## - ADDED ENTRY--PERSONAL NAME |
| Personal name |
პენინგტონი, პოლ |
| Relator term |
ავტორი |
| 9 (RLIN) |
24349 |
| 700 ## - ADDED ENTRY--PERSONAL NAME |
| Personal name |
ვალიკასი, ანდრიუს |
| Relator term |
ავტორი |
| 9 (RLIN) |
24350 |
| 942 ## - ADDED ENTRY ELEMENTS (KOHA) |
| Source of classification or shelving scheme |
|
| Koha item type |
წიგნი |